00746cac a2200241 a 4500003000900000005001700009008004100026020001500067040003300082041000800115082002000123100002400143245006000167260004100227300007400268500002200342504002900364650002000393650001500413650002000428650002300448700003300471Co-PeBPM20251003152719.0231129e1988||||ck a||||||||||||| ||spa|| a84763474480 aCo-PeBPMbspacCo-PeBPMerda aspa04a535.2 P912o2221 aPrat, Rolandeautor10aLa ópticac/ Roland Prat, traducción J. Godo Costa  aBarcelona, Españab: Orbisc, 1988 a188 pàginasb: Ilustraciones a blanco y negro c; 20 centímetros  aIncluye índice. aIncluye bibliografía. 14aÓptica 2LEMB14aLuz 2LEMB14aVisión 2LEMB14aEnfermedades2LEMB aCosta Godo, JeTraducción